/ اردو ناول کا نگارخانہ (Record no. 109330)
[ view plain ]
| 000 -LEADER | |
|---|---|
| fixed length control field | 00732nam a22002297a 4500 |
| 005 - DATE AND TIME OF LATEST TRANSACTION | |
| control field | 20170123162352.0 |
| 010 ## - LIBRARY OF CONGRESS CONTROL NUMBER | |
| LC control number | A-159743 |
| 020 ## - INTERNATIONAL STANDARD BOOK NUMBER | |
| Terms of availability | 40.00 |
| 035 ## - SYSTEM CONTROL NUMBER | |
| System control number | A-159743 |
| 037 ## - SOURCE OF ACQUISITION | |
| Source of stock number/acquisition | Cen Lib/Ret |
| 040 ## - CATALOGING SOURCE | |
| Original cataloging agency | DPL |
| Language of cataloging | UR |
| 082 ## - DEWEY DECIMAL CLASSIFICATION NUMBER | |
| Classification number | 843.08 |
| Item number | ک ہ ل |
| 100 ## - MAIN ENTRY--PERSONAL NAME | |
| Personal name | کُھلر، ک. ک |
| 9 (RLIN) | 122083 |
| 245 ## - TITLE STATEMENT | |
| Title | / اردو ناول کا نگارخانہ |
| Statement of responsibility, etc | ک. ک. کُھلر |
| 246 ## - VARYING FORM OF TITLE | |
| Title proper/short title | Urdu novel ka nigarkhana / |
| Remainder of title | by K. K. Khullar |
| 260 ## - PUBLICATION, DISTRIBUTION, ETC. (IMPRINT) | |
| Place of publication, distribution, etc | نی دہلی |
| Name of publisher, distributor, etc | سیمانت پرکا شان |
| Date of publication, distribution, etc | 1983 |
| 270 ## - ADDRESS | |
| City | نی دہلی |
| Address | پڈودے ہاؤس |
| 300 ## - PHYSICAL DESCRIPTION | |
| Extent | 112p. |
| Dimensions | 20cm(Hb) |
| 650 ## - SUBJECT ADDED ENTRY--TOPICAL TERM | |
| Topical term or geographic name as entry element | اردو ادب |
| General subdivision | |
| Geographic subdivision | |
| 9 (RLIN) | 137370 |
| 650 ## - SUBJECT ADDED ENTRY--TOPICAL TERM | |
| Topical term or geographic name as entry element | Urdu adab |
| 9 (RLIN) | 137371 |
| 942 ## - ADDED ENTRY ELEMENTS (KOHA) | |
| Source of classification or shelving scheme | Dewey Decimal Classification |
| Koha item type | Urdu Bks |
| Classification part | 843.08 |
| Call number prefix | ک ہ ل |
| Withdrawn status | Lost status | Damaged status | Not for loan | Home library | Current library | Date acquired | Source of acquisition | Cost, normal purchase price | Total Checkouts | Full call number | Barcode | Date last seen | Copy number | Cost, replacement price | Price effective from | Koha item type |
|---|---|---|---|---|---|---|---|---|---|---|---|---|---|---|---|---|
| Central Library | Central Library | 04/03/2016 | Cen Lib/Ref | 40.00 | 843.08 ک ہ ل | A-159743 | 04/03/2016 | 1 | 40.00 | 04/03/2016 | Urdu Bks |
